000 00390nam a2200181Ia 4500
005 20240823035022.0
008 240823s9999||||xx |||||||||||||| ||und||
041 _aENGLISH
082 _A813.54 Q2
100 _aAmit Chaudhuri
245 0 _aFreedom Song
250 _a1st
260 _c2012
_bPenguin
500 _aYES
650 _aNovel
_bEnglish
942 _cBK
999 _c199686
_d199686